000
00295nam a2200121Ia 4500
008
241002s9999 xx 000 0 und d
082
_a
152.4 SAR
100
_a
Sartre, Jean Paul
245
4
_a
The Emotions Outline of A Theory
260
_a
New York:
_c
1948
600
_a
Philosophy
942
_c
UC
999
_c
18956
_d
18956